Biblioteki Polonii Amerykańskiej
Biblioteka Instytutu Józefa Piłsudskiego w Ameryce
Library of the Józef Piłsudski Institute of America
Biblioteka imienia Alfreda Jurzykowskiego Polskiego Instytutu Naukowego w Ameryce
The Alfred Jurzykowski Memorial Library of the Polish Institute of Arts & Sciences of America
Biblioteka Marjanczyków Polskiej Fundacji Kulturalnej
The Marjanczyk Library of the Polish Cultural Foundation

Biblioteka Fundacji Kościuszkowskiej
Library of the Kosciuszko Foundation

Baliński : (Record no. 91087)

MARC details
000 -LEADER
fixed length control field 02339nam a2200697 i 4500
001 - CONTROL NUMBER
control field 991053103155305066
003 - CONTROL NUMBER IDENTIFIER
control field NyNyJPI
005 - DATE AND TIME OF LATEST TRANSACTION
control field 20260408210339.0
008 - FIXED-LENGTH DATA ELEMENTS--GENERAL INFORMATION
fixed length control field 240320s2023 pl |001 0bpol c
009 - PHYSICAL DESCRIPTION FIXED-FIELD FOR ARCHIVAL COLLECTION (VM) [OBSOLETE]
fixed length control field b1000003552342
015 ## - NATIONAL BIBLIOGRAPHY NUMBER
National bibliography number UWD 2024/10739
020 ## - INTERNATIONAL STANDARD BOOK NUMBER
International Standard Book Number 9788367602662
Qualifying information (oprawa miękka)
020 ## - INTERNATIONAL STANDARD BOOK NUMBER
Canceled/invalid ISBN 9788367602679
Qualifying information (e-book)
024 7# - OTHER STANDARD IDENTIFIER
Standard number or code 10.55159/9788367602679
Source of number or code doi
035 ## - SYSTEM CONTROL NUMBER
System control number (PL)b1000003552342
035 ## - SYSTEM CONTROL NUMBER
System control number (EXLNZ-48OMNIS_NETWORK)9913990882605606
040 ## - CATALOGING SOURCE
Original cataloging agency WA N
Transcribing agency WA N
Modifying agency WA N
-- LUBL KUL
-- SZCZ M
-- WA N
-- WA U
041 0# - LANGUAGE CODE
Language code of text/sound track or separate title pol
Language code of summary or abstract eng
045 2# - TIME PERIOD OF CONTENT
Formatted 9999 B.C. through C.E. time period d1728
-- d1984
046 ## - SPECIAL CODED DATES
Beginning or single date created 2023
080 ## - UNIVERSAL DECIMAL CLASSIFICATION NUMBER
Field link and sequence number 1.1\x
Universal Decimal Classification number 821.162.1(091)"19"
080 ## - UNIVERSAL DECIMAL CLASSIFICATION NUMBER
Field link and sequence number 1.2\x
Universal Decimal Classification number 929-052(438)"19"
084 ## - OTHER CLASSIFICATION NUMBER
Classification number 01
100 1# - MAIN ENTRY--PERSONAL NAME
Personal name Wencel, Wojciech
Dates associated with a name (1972- )
Relator term Autor
245 10 - TITLE STATEMENT
Title Baliński :
Remainder of title smutny młodzieniec : biografia poety /
Statement of responsibility, etc. Wojciech Wencel.
246 30 - VARYING FORM OF TITLE
Title proper/short title Smutny młodzieniec :
Remainder of title biografia poety
250 ## - EDITION STATEMENT
Edition statement Wydanie I.
260 ## - PUBLICATION, DISTRIBUTION, ETC.
Place of publication, distribution, etc. Kraków :
Name of publisher, distributor, etc. Instytut Literatury,
Date of publication, distribution, etc. 2023.
300 ## - PHYSICAL DESCRIPTION
Extent 305, [3] strony ;
Dimensions 24 cm.
336 ## - CONTENT TYPE
Content type term Tekst
Content type code txt
Source rdacontent
337 ## - MEDIA TYPE
Media type term Bez urządzenia pośredniczącego
Media type code n
Source rdamedia
338 ## - CARRIER TYPE
Carrier type term Wolumin
Carrier type code nc
Source rdacarrier
380 ## - FORM OF WORK
Form of work Książki
380 ## - FORM OF WORK
Form of work Publikacje naukowe
388 1# - TIME PERIOD OF CREATION
Time period of creation term 2001-
490 1# - SERIES STATEMENT
Series statement Biblioteka Pana Cogito
504 ## - BIBLIOGRAPHY, ETC. NOTE
Bibliography, etc. note Bibliografia na stronach 277-282. Indeks.
536 ## - FUNDING INFORMATION NOTE
Text of note Współfinansowanie: Minister Kultury i Dziedzictwa Narodowego
546 ## - LANGUAGE NOTE
Language note Streszczenie w języku angielskim. Spis treści także w języku angielskim.
600 37 - SUBJECT ADDED ENTRY--PERSONAL NAME
Personal name Balińscy
Titles and other words associated with a name (rodzina)
Source of heading or term DBN
600 17 - SUBJECT ADDED ENTRY--PERSONAL NAME
Personal name Baliński, Stanisław
Dates associated with a name (1898-1984)
Source of heading or term DBN
600 10 - SUBJECT ADDED ENTRY--PERSONAL NAME
Personal name Baliński, Stanisław,
Dates associated with a name 1898-1984
610 27 - SUBJECT ADDED ENTRY--CORPORATE NAME
Corporate name or jurisdiction name as entry element Skamandryci
Source of heading or term DBN
648 #7 - SUBJECT ADDED ENTRY--CHRONOLOGICAL TERM
Chronological term 1701-1800
Source of heading or term DBN
648 #7 - SUBJECT ADDED ENTRY--CHRONOLOGICAL TERM
Chronological term 1801-1900
Source of heading or term DBN
648 #7 - SUBJECT ADDED ENTRY--CHRONOLOGICAL TERM
Chronological term 1901-2000
Source of heading or term DBN
650 #7 - SUBJECT ADDED ENTRY--TOPICAL TERM
Topical term or geographic name entry element Literatura emigracyjna
Source of heading or term DBN
650 #7 - SUBJECT ADDED ENTRY--TOPICAL TERM
Topical term or geographic name entry element Literatura polska
Source of heading or term DBN
650 #7 - SUBJECT ADDED ENTRY--TOPICAL TERM
Topical term or geographic name entry element Pisarze polscy
Source of heading or term DBN
650 #7 - SUBJECT ADDED ENTRY--TOPICAL TERM
Topical term or geographic name entry element Polacy za granicą
Source of heading or term DBN
650 #0 - SUBJECT ADDED ENTRY--TOPICAL TERM
Topical term or geographic name entry element Poets, Polish
Chronological subdivision 20th century
Form subdivision Biography
651 #7 - SUBJECT ADDED ENTRY--GEOGRAPHIC NAME
Geographic name Kresy wschodnie Rzeczypospolitej
Source of heading or term DBN
651 #7 - SUBJECT ADDED ENTRY--GEOGRAPHIC NAME
Geographic name Londyn (Wielka Brytania)
Source of heading or term DBN
651 #7 - SUBJECT ADDED ENTRY--GEOGRAPHIC NAME
Geographic name Polska
Source of heading or term DBN
655 #7 - INDEX TERM--GENRE/FORM
Genre/form data or focus term Biografia
Source of term DBN
658 ## - INDEX TERM--CURRICULUM OBJECTIVE
Main curriculum objective Historia
658 ## - INDEX TERM--CURRICULUM OBJECTIVE
Main curriculum objective Literaturoznawstwo
710 2# - ADDED ENTRY--CORPORATE NAME
Corporate name or jurisdiction name as entry element Instytut Literatury
Relator term Wydawca
Relationship pbl
830 #0 - SERIES ADDED ENTRY--UNIFORM TITLE
Uniform title Biblioteka Pana Cogito
942 ## - ADDED ENTRY ELEMENTS (KOHA)
Source of classification or shelving scheme Other/Generic Classification Scheme
Koha item type Books
Suppress in OPAC No
Holdings
Withdrawn status Lost status Source of classification or shelving scheme Damaged status Not for loan Home library Current library Date acquired Total checkouts Full call number Date last seen Price effective from Koha item type
    Other/Generic Classification Scheme   Not for loan Józef Piłsudski Institute Józef Piłsudski Institute 04/08/2026   K 1824 04/08/2026 04/08/2026 Books